BSOP header

聖經中所有的比喻 All the parables of the Bible {ch} / (Record no. 2722)

MARC details
000 -LEADER
fixed length control field 00645nam a2200193 4500
008 - FIXED-LENGTH DATA ELEMENTS--GENERAL INFORMATION
fixed length control field 010809s1987 ch chiYA
020 ## - INTERNATIONAL STANDARD BOOK NUMBER
International Standard Book Number 9575503341
090 ## - LOCALLY ASSIGNED LC-TYPE CALL NUMBER (OCLC); LOCAL CALL NUMBER (OCLC)
Classification number (OCLC) (R) ; Classification number, CALL (RLIN) (NR) 226.8
Local cutter number (OCLC) ; Book number/undivided call number, CALL (RLIN) 7741
100 1# - MAIN ENTRY--PERSONAL NAME
Personal name 駱其雅 Lockyer, Herbert
245 10 - TITLE STATEMENT
Title 聖經中所有的比喻 All the parables of the Bible {ch} /
Statement of responsibility, etc 駱其雅 Herbert Lockyer.
250 ## - EDITION STATEMENT
Edition statement Chinese ed.
260 ## - PUBLICATION, DISTRIBUTION, ETC. (IMPRINT)
Place of publication, distribution, etc Taipei :
Name of publisher, distributor, etc 中國主日學, China Sunday School Association,
Date of publication, distribution, etc c1987.
300 ## - PHYSICAL DESCRIPTION
Extent 765 p.
490 1# - SERIES STATEMENT
Series statement All the.... {ch}
650 #4 - SUBJECT ADDED ENTRY--TOPICAL TERM
Topical term or geographic name as entry element Bible
General subdivision Parables {ch}.
650 #4 - SUBJECT ADDED ENTRY--TOPICAL TERM
Topical term or geographic name as entry element Parables {ch}.
950 0# - LOCAL HOLDINGS (RLIN)
-- 88.55
951 ## - EQUIVALENCE OR CROSS-REFERENCE-GEOGRAPHIC NAME/AREA NAME [OBSOLETE] [CAN/MARC only]
-- C-2930
-- 226.8/7741
-- 070613110942421
-- 2000-12-21
-- REF-CH
Holdings
Withdrawn status Lost status Damaged status Not for loan Home library Current library Shelving location Date acquired Accession number Shelving control number Total Checkouts Full call number Date last seen Price effective from Koha item type
        BSOP Library BSOP Library Reference Chinese 12/21/2000 C-2930 127   226.8/7741 02/23/2013 02/23/2013 Books
BSOP

Biblical Seminary of the Philippines
  All rights Reserved
  © 2024

CONTACT INFORMATION

Biblical Seminary of the Philippines,
  77-B Karuhatan Road, Valenzuela City,
  PHILIPPINES 1441
  Phone: +632 8292-6795 / 8292-6798
  Fax : +632 8292-6675
  Email: library@bsop.edu.ph